000 00464nam a2200193Ia 4500
005 20240823041113.0
008 240823s9999||||xx |||||||||||||| ||und||
020 _a978-81-7473-132-6
041 _aENGLISH
082 _A820 Q4
100 _aHudson W H
245 3 _aAn outline history of english literature
250 _alatest
260 _bAITBS Publishers
500 _aYES
650 _aEnglish Literature
_bEnglish
942 _cBK
999 _c204696
_d204696